000 00733nam a2200217 a 4500
001 000023960
005 20200930022613.0
008 110117s1974 ag r 000 0 spa d
040 _aDO-SdBNP
_bspa
_cBNPHU
041 1 7 _aspa
_heng
_2Código de idiomas MARC
082 _annnn
_bB433t
100 1 _aBell, A. Donald,
_949287
245 1 0 _aTrabajando juntos en armonia /
_cA. Donald Bell ; Traducción de Ana María Swenson.
260 _aBuenos Aires :
_bCasa Bautista de Publicaciones,
_c1974.
300 _a111 p. ;
_c19 cm.
490 1 _aCBP
_v17015
504 _aIncluye referencias bibliográficas y notas al pie de las páginas.
700 1 _aSwenson, Ana María,
_etr.
_943676
830 0 _aCBP
_v17015
_945223
049 _aBNGR
999 _c23456
_d23456